A que sabe a lua ? (Registo nº 1175)

Detalhes MARC
000 -Etiqueta do registo
Cabeçalho 00685nam a2200253 i 4500
005 - Identificador da versão
Campo de controlo 20240813121827.0
010 ## - Número internacional normalizado dos livros (ISBN)
Número (ISBN) 9789728781095
021 ## - Número do Depósito Legal
Código do país PT
Número 186531/02
100 ## - Dados gerais de processamento
Dados gerais de processamento 20070611d2010 cb y0pory5003 ba
102 ## - Pais de publicação ou produção
País de publicação Portugal
101 1# - Língua de publicação
Língua do texto, banda sonora, etc. Português
Língua do documento no original Alemão
215 ## - Descrição física 
Indicação específica da natureza do documento e extensão da espécie [13] p.
Outras indicações físicas il.
Dimensões 30 cm
200 1# - Titulo e menção de responsabilidade
Título próprio A que sabe a lua ?
Primeira menção de responsabilidade Michael Grejniec
Outras menções de responsabilidade trad. Alexandre Honrado
225 2# - Colecção 
Título próprio da colecção Livros para sonhar
205 ## - Menção da edição
Menção da edição 6ª ed
210 ## - Publicação, Distribuição, etc. 
Lugar da edição, distribuição, etc. Lisboa
Nome do editor, distribuidor, etc. Kalandraka
Data da publicação, distribuição, etc. 2010
675 ## - Classificação Decimal Universal (CDU)
Notação 087.5:82/89-34
Edição med
Língua da edição fre
702 #1 - Nome de autor-pessoa física (responsabilidade secundária)
Número de registo de entrada de autoridade 0001309
Palavra de ordem Honrado
Outra parte do nome não tomada para palavra de ordem Alexandre
Código de função Tradutor
700 #1 - Nome de autor-pessoa física (responsabilidade principal)
Número de registo de entrada de autoridade 0001660
Palavra de ordem Grejniec
Outra parte do nome não tomada para palavra de ordem Michael
942 ## - Elementos de entrada adicionados (Koha)
Tipo de item no Koha Livro
Exemplares
Situação do levantamento Origin of item (home branch) (coded) Biblioteca de empréstimo Código de barras Cota Circulation type (not for loan) Tipo de documento Nota do exemplar Damaged status
  Biblioteca Escolar Eng. Nuno Mergulhão Biblioteca Escolar Eng. Nuno Mergulhão BENM2128 8EST GRE   Livro Sem mensagem